[Event "Florianopolis op 10th"]
[Site "Florianopolis"]
[Date "2024.01.23"]
[Round "5"]
[White "Silva, Gabryel Lunardi Car"]
[Black "Jurado, Laura Alves"]
[Result "1-0"]
[WhiteElo "1790"]
[BlackElo "1419"]
[PlyCount "55"]
[EventDate "2024.01.20"]
[EventType "swiss"]
[EventRounds "10"]
[EventCountry "BRA"]
[SourceTitle "CB05_2024"]
[SourceDate "2024.01.31"]
[SourceVersion "1"]
[SourceVersionDate "2024.01.31"]
[SourceQuality "1"]

1. e4 c6 2. d4 d5 3. f3 g6 4. Nc3 Bg7 5. Be3 Qb6 6. Qd2 Qxb2 7. Rb1 Qa3 8. exd5 cxd5 9. Nxd5 Qxa2 10. Rb3 Kd8 11. Nc3 Qa5 12. Rb5 Qa1+ 13. Kf2 Nc6 14. Bc4 a6 15. Rb1 Qa5 16. Bxf7 Nf6 17. d5 Ng4+ 18. fxg4 Bxc3 19. Qd1 Nb4 20. Be6 Rf8+ 21. Nf3 Ke8 22. Rb3 Bxe6 23. dxe6 Rd8 24. Qe2 Nd5 25. Rd1 Nxe3 26. Rxd8+ Qxd8 27. Kxe3 Qa5 28. Qc4 1-0

[Event "Criciuma op-B"]
[Site "Criciuma"]
[Date "2024.01.14"]
[Round "4"]
[White "Jurado, Laura Alves"]
[Black "Ramos, Beatriz Sulzbacher"]
[Result "1-0"]
[WhiteElo "1419"]
[BlackElo "1790"]
[PlyCount "53"]
[EventDate "2024.01.12"]
[EventType "swiss"]
[EventRounds "9"]
[EventCountry "BRA"]
[SourceTitle "CB04_2024"]
[SourceDate "2023.10.16"]
[SourceVersion "1"]
[SourceVersionDate "2023.10.16"]
[SourceQuality "1"]

1. d4 d5 2. Bf4 Nf6 3. Nf3 e6 4. e3 Be7 5. Bd3 0-0 6. Nbd2 h6 7. Ne5 c5 8. c3 c4 9. Bc2 Ne8 10. g4 Nc6 11. Ndf3 Bg5 12. Bxg5 hxg5 13. h4 Nxe5 14. Nxe5 gxh4 15. f4 Nd6 16. g5 g6 17. Qg4 Kg7 18. Ke2 Rh8 19. Rh3 Nf5 20. Bxf5 exf5 21. Qg2 f6 22. gxf6+ Qxf6 23. Rg1 Rh6 24. Qxd5 Qe6 25. Qc5 Rh8 26. Qc7+ Kh6 27. Rxh4# 1-0

[Event "BRA-ch U14 Girls"]
[Site "Juiz de Fora"]
[Date "2021.10.12"]
[Round "6"]
[White "Barberi, Catarina"]
[Black "Jurado, Laura Alves"]
[Result "1-0"]
[WhiteElo "1298"]
[BlackElo "1178"]
[PlyCount "119"]
[EventDate "2021.10.09"]
[EventType "swiss"]
[EventRounds "6"]
[EventCountry "BRA"]
[SourceTitle "EXT 2023"]
[Source "ChessBase"]
[SourceDate "2022.10.05"]
[SourceVersion "1"]
[SourceVersionDate "2022.10.05"]
[SourceQuality "1"]

1. d4 d5 2. c4 c6 3. Qc2 Nf6 4. Nf3 dxc4 5. Qxc4 e6 6. g3 Nbd7 7. Bg2 c5 8. 0-0 Be7 9. Nc3 a6 10. a4 b5 11. Qd3 c4 12. Qc2 Rb8 13. Bf4 Rb6 14. Nd2 Bd6 15. Bxd6 Rxd6 16. axb5 Rxd4 17. bxa6 Nb6 18. Nf3 Rd7 19. e3 Ra7 20. Nd4 Rxa6 21. Rxa6 Bxa6 22. Ra1 Bc8 23. Ra7 0-0 24. Nc6 Qd3 25. Qc1 Bd7 26. Ne5 Qd6 27. Rb7 Qxe5 28. Rxb6 Rd8 29. Qf1 Qc5 30. Ra6 Bb5 31. Ra5 Rb8 32. Nxb5 g6 33. Qd1 Rxb5 34. Rxb5 Qxb5 35. Qd8+ Kg7 36. Qd4 Qa4 37. Bf1 Qa1 38. Kg2 Qa8+ 39. f3 Qa4 40. Qxc4 Qxc4 41. Bxc4 Kf8 42. e4 Ke7 43. Kf2 Kd6 44. Ke3 Kc5 45. b3 Nd7 46. Kf4 h6 47. g4 e5+ 48. Ke3 Nb6 49. Bxf7 g5 50. Kd3 Kb4 51. Bc4 Nd7 52. Ke3 Nc5 53. h3 Nxb3 54. Bxb3 Kxb3 55. Kd3 Kb4 56. Ke3 Kc3 57. Ke2 Kc2 58. f4 gxf4 59. h4 Kc3 60. g5 1-0

[Event "BRA-ch U14 Girls"]
[Site "Juiz de Fora"]
[Date "2021.10.09"]
[Round "1"]
[White "Campagnolo, Bruna"]
[Black "Jurado, Laura Alves"]
[Result "1/2-1/2"]
[WhiteElo "1357"]
[BlackElo "1178"]
[PlyCount "110"]
[EventDate "2021.10.09"]
[EventType "swiss"]
[EventRounds "6"]
[EventCountry "BRA"]
[SourceTitle "EXT 2023"]
[Source "ChessBase"]
[SourceDate "2022.10.05"]
[SourceVersion "1"]
[SourceVersionDate "2022.10.05"]
[SourceQuality "1"]

1. e4 c6 2. d4 d5 3. Nc3 dxe4 4. Nxe4 Nd7 5. Nf3 Ngf6 6. Bd3 Nxe4 7. Bxe4 Nf6 8. Qe2 Bg4 9. h3 Bxf3 10. Qxf3 e6 11. c3 Bd6 12. Bg5 Be7 13. Bf4 Qb6 14. 0-0-0 Nd5 15. Bxd5 cxd5 16. Qg3 Bf6 17. Be5 Bxe5 18. Qxe5 0-0 19. h4 Qa5 20. Kb1 b5 21. h5 h6 22. Rd3 b4 23. Rg3 f6 24. Qxe6+ Kh8 25. Qe7 Rg8 26. Qxb4 Qa6 27. Qc5 Qb7 28. Re1 Rab8 29. b3 Qd7 30. Rf3 Rge8 31. Rxe8+ Qxe8 32. Re3 Qxh5 33. Kb2 Qd1 34. Qa3 Qd2+ 35. Kb1 Qxf2 36. Qxa7 Qxe3 37. Qxb8+ Kh7 38. Qb5 Qe1+ 39. Kb2 Qf2+ 40. Kc1 Qxg2 41. Qd3+ Kh8 42. Qd2 Qxd2+ 43. Kxd2 h5 44. c4 h4 45. cxd5 Kg8 46. Ke3 h3 47. Kf3 Kf7 48. Kg3 Ke7 49. Kxh3 Kd6 50. Kg4 Kxd5 51. Kf5 Kxd4 52. b4 Kc4 53. a3 Kb5 54. Kg6 Ka4 55. Kf5 Kb5 1/2-1/2

[Event "Pan American-ch Hybrid U14 Girls 31st"]
[Site "Tornelo INT"]
[Date "2021.09.04"]
[Round "9"]
[White "Jurado, Laura Alves"]
[Black "Barros Jardi Arce, Sarai"]
[Result "1/2-1/2"]
[WhiteElo "1148"]
[BlackElo "1217"]
[PlyCount "66"]
[EventDate "2021.09.04"]
[EventType "swiss"]
[EventRounds "9"]
[EventCountry "NET"]
[SourceTitle "EXT 2023"]
[Source "ChessBase"]
[SourceDate "2022.10.05"]
[SourceVersion "1"]
[SourceVersionDate "2022.10.05"]
[SourceQuality "1"]

1. d4 Nf6 2. Bg5 g6 3. Bxf6 exf6 4. e3 Bg7 5. g3 0-0 6. Bg2 d6 7. Ne2 c5 8. 0-0 Nd7 9. Nbc3 Nb6 10. Nf4 Rb8 11. dxc5 dxc5 12. Qe2 Be6 13. Rfd1 Qe7 14. Ncd5 Nxd5 15. Nxd5 Bxd5 16. Rxd5 Rfd8 17. Rad1 Rxd5 18. Rxd5 b6 19. Qd3 f5 20. b3 Qf6 21. a4 Qc3 22. Qxc3 Bxc3 23. Rd7 a5 24. Bd5 Rf8 25. Kf1 Bf6 26. Rd6 Bd8 27. Ke2 Kg7 28. Kf3 f6 29. Kg2 h5 30. Kh3 Kh6 31. Rd7 g5 32. Rb7 Kg6 33. Rd7 Kh6 1/2-1/2

[Event "Santa Catarina State-ch (Women) 34th"]
[Site "Rio Negrinho"]
[Date "2021.07.25"]
[Round "6"]
[White "Jurado, Laura Alves"]
[Black "Pederiva, Paola Carolina"]
[Result "0-1"]
[WhiteElo "1170"]
[BlackElo "1725"]
[PlyCount "68"]
[EventDate "2021.07.22"]
[EventType "swiss"]
[EventRounds "7"]
[EventCountry "BRA"]
[SourceTitle "EXT 2022"]
[Source "ChessBase"]
[SourceDate "2021.10.06"]
[SourceVersion "1"]
[SourceVersionDate "2021.10.06"]
[SourceQuality "1"]

1. d4 Nf6 2. Bg5 Ne4 3. Bf4 c5 4. f3 Qa5+ 5. c3 Nf6 6. Nd2 cxd4 7. cxd4 d5 8. e3 Nc6 9. Bd3 e6 10. a3 Be7 11. Ne2 0-0 12. 0-0 Nh5 13. Bg3 Nxg3 14. hxg3 e5 15. Qc2 h6 16. dxe5 Nxe5 17. Nf4 Be6 18. b4 Qb6 19. Kf2 Rac8 20. Qb2 Bf6 21. Qb1 Nxd3+ 22. Qxd3 Rc3 23. Qe2 d4 24. Nd3 dxe3+ 25. Ke1 exd2+ 26. Qxd2 Rd8 27. Qf2 Qxf2+ 28. Nxf2 Rc2 29. Rd1 Bc3+ 30. Rd2 Rc1+ 31. Nd1 Rxd2 32. Rg1 Rdxd1+ 33. Kf2 Bd4+ 34. Ke2 Bc4# 0-1

[Event "Santa Catarina State-ch (Women) 34th"]
[Site "Rio Negrinho"]
[Date "2021.07.22"]
[Round "1"]
[White "Jurado, Laura Alves"]
[Black "Martins de Aguiar, Marina"]
[Result "0-1"]
[WhiteElo "1170"]
[BlackElo "1699"]
[PlyCount "60"]
[EventDate "2021.07.22"]
[EventType "swiss"]
[EventRounds "7"]
[EventCountry "BRA"]
[SourceTitle "EXT 2022"]
[Source "ChessBase"]
[SourceDate "2021.10.06"]
[SourceVersion "1"]
[SourceVersionDate "2021.10.06"]
[SourceQuality "1"]

1. d4 Nf6 2. Bg5 Ne4 3. Bf4 d5 4. e3 Bf5 5. Bd3 e6 6. Nf3 Be7 7. 0-0 0-0 8. Nbd2 c5 9. c3 Nxc3 10. bxc3 Bxd3 11. Re1 Nc6 12. dxc5 Bg6 13. Nb3 Bh5 14. Rb1 e5 15. Bxe5 Nxe5 16. Nbd2 Bxc5 17. Qc2 Nxf3+ 18. gxf3 Bg6 19. e4 Qh4 20. Nb3 Bd6 21. Qd1 Bxh2+ 22. Kf1 Qh3+ 23. Ke2 dxe4 24. Nd4 exf3+ 25. Nxf3 Rfe8+ 26. Kd2 Bf4+ 27. Re3 Rad8+ 28. Nd4 Bxe3+ 29. Ke1 Bxd4+ 30. Kd2 Qxc3# 0-1

[Event "Santa Catarina-ch (Women)"]
[Site "Lages"]
[Date "2020.02.15"]
[Round "4"]
[White "Jurado, Laura Alves"]
[Black "Pavao, Alice Lara Biasi"]
[Result "1-0"]
[WhiteElo "1191"]
[BlackElo "1207"]
[PlyCount "57"]
[EventDate "2020.02.14"]
[EventType "swiss"]
[EventRounds "6"]
[EventCountry "BRA"]
[SourceTitle "CBM 195 Extra"]
[Source "ChessBase"]
[SourceDate "2020.05.31"]
[SourceVersion "1"]
[SourceVersionDate "2020.05.31"]
[SourceQuality "1"]

1. d4 d5 2. Bf4 Nc6 3. Nf3 Nf6 4. e3 Bf5 5. c4 e6 6. Nc3 Bb4 7. Bd3 0-0 8. 0-0 Re8 9. cxd5 exd5 10. Bxf5 Ne7 11. Bd3 Rc8 12. Qb3 Nc6 13. Bg5 h6 14. Bxf6 Na5 15. Qxb4 Qxf6 16. Qxa5 Red8 17. Nxd5 Qd6 18. Nf4 b6 19. Qf5 g6 20. Qh3 Qb4 21. Qxh6 Qxb2 22. Nxg6 fxg6 23. Bxg6 Rd7 24. Bf5 Rcd8 25. Bxd7 Rxd7 26. Qe6+ Rf7 27. Ng5 Qb5 28. Qxf7+ Kh8 29. Qh7# 1-0